[Event "Leisure for 1500-2200"]
[Site "SchemingMind.com"]
[Date "2019.06.02"]
[Round "-"]
[White "Uzi Mike"]
[Black "Mihir Chandrashekhar"]
[Result "1-0"]
[WhiteCountry "USA"]
[BlackCountry "IND"]
[WhiteElo "2286"]
[WhiteRD "88"]
[BlackElo "1862"]
[BlackRD "51"]
[GameID "442034"]

1. e4 e5 2. Nf3 Nc6 3. Bb5 Nf6 4. O-O Nxe4 5. d4 Nd6 6. Bxc6 dxc6 7. dxe5 Nf5 8. Qxd8+ Kxd8 9. Nc3 Ke8 10. h3 Be7
11. Bg5 h5 12. Rad1 Be6 13. Ne4 b6 14. b3 Rd8 15. Rxd8+ Bxd8 16. Rd1 Bxg5 17. Nfxg5 Ke7 18. Nxe6 Kxe6 19. Ng5+ Ke7 20. f4 Nh6
21. g3 Rd8 22. Rxd8 Kxd8 23. Kf2 Ke7 24. b4 Nf5 25. g4 hxg4 26. hxg4 Nd4 27. c3 Ne6 28. Nxe6 Kxe6 29. c4 b5 30. Kf3 bxc4
31. Ke4 c3 32. f5+
1-0

[Event "Leisure for 1500-2200"]
[Site "SchemingMind.com"]
[Date "2019.06.03"]
[Round "-"]
[White "JAHI"]
[Black "Uzi Mike"]
[Result "0-1"]
[WhiteCountry "INT"]
[BlackCountry "USA"]
[WhiteElo "1890"]
[WhiteRD "70"]
[BlackElo "2227"]
[BlackRD "93"]
[GameID "442038"]

1. c3 Nf6 2. d3 e5 3. Bg5 Be7 4. Bxf6 Bxf6 5. g3 d5 6. Bg2 c6 7. Nd2 O-O 8. h3 Qb6 9. b3 Na6 10. h4 e4
11. dxe4 Bxc3 12. Rc1 Bd4 13. e3 Nb4 14. exd4 Nd3+ 15. Kf1 Qxd4
0-1

[Event "Leisure for 1500-2200"]
[Site "SchemingMind.com"]
[Date "2019.06.02"]
[Round "-"]
[White "Mihir Chandrashekhar"]
[Black "JAHI"]
[Result "1-0"]
[WhiteCountry "IND"]
[BlackCountry "INT"]
[WhiteElo "1997"]
[WhiteRD "54"]
[BlackElo "1897"]
[BlackRD "69"]
[GameID "442039"]

1. d4 d6 2. e4 c6 3. Nf3 Bg4 4. Bc4 e6 5. O-O h6 6. Be3 h5 7. Nbd2 h4 8. h3 Bxf3 9. Qxf3 d5 10. Bd3 Bb4
11. c3 Bd6 12. c4 Ne7 13. Qg4 Na6 14. a3 Rc8 15. exd5 exd5 16. c5 Bb8 17. Rfe1 Nc7 18. Bg5 Ne6 19. Rxe6 fxe6 20. Qxe6 Qc7
21. Bxe7
1-0

[Event "Leisure for 1500-2200"]
[Site "SchemingMind.com"]
[Date "2019.06.13"]
[Round "-"]
[White "Matthew Bailey"]
[Black "Uzi Mike"]
[Result "1-0"]
[WhiteCountry "ENG"]
[BlackCountry "USA"]
[WhiteElo "2478"]
[WhiteRD "60"]
[BlackElo "2264"]
[BlackRD "88"]
[GameID "442342"]

1. d4 Nf6 2. c4 e6 3. Nf3 b6 4. a3 Bb7 5. Nc3 d5 6. Bf4 Bd6 7. Bxd6 cxd6 8. e3 O-O 9. Bd3 dxc4 10. Bxc4 a6
11. Rc1 Nbd7 12. a4 Rc8 13. Qe2 Bxf3 14. gxf3 a5 15. Ba6 Rc7 16. O-O Nd5 17. Nxd5 Rxc1 18. Rxc1 Qg5+ 19. Kh1 Qxd5 20. Bb5 Nf6
21. Rc6 Rb8 22. Kg2 Qg5+ 23. Kh1 Qd5= 24. h3 h6 25. Kg2 Qg5+ 26. Kh2 Ne8 27. f4 Qd8 28. d5 exd5 29. Qd1 Nf6 30. Qd4 Kh8
31. b3 Ng8 32. Bd3 Ne7 33. Rc1 Qd7 34. Rg1 f6 35. Rc1 Rb7 36. Bb5 Qe6 37. Be2 Qe4 38. Qd1 Qe6 39. Qd3 Qd7 40. Bg4 f5
41. Bf3 Rc7 42. Rxc7 Qxc7 43. Bxd5 Nxd5 44. Qxd5 Qc5 45. Qc4 Qxc4 46. bxc4 Kg8 47. Kg2 Kf7 48. Kf3 Kg6 49. e4 Kf6 50. Ke3 g6
51. Kd4 Ke6 52. f3 fxe4 53. Kxe4 h5 54. h4 Kf6 55. Kd5 Kf5 56. Kxd6 Kxf4 57. Kc6 g5 58. hxg5 Kxg5 59. Kxb6 h4 60. c5 h3
61. c6 h2 62. c7 h1=Q 63. c8=Q Qxf3 64. Kxa5 Qd1 65. Qc6 Kg4 66. Qc4+ Kh3 67. Kb4 Qd6+ 68. Kb3 Qd1+ 69. Kc3 Qa1+ 70. Kb4 Kg2
71. Qe4+ Kh3 72. Qe6+ Kg3 73. a5 Qd4+ 74. Qc4 Qd6+ 75. Kb5 Qb8+ 76. Ka4 Qd6 77. a6 Kf3 78. Ka5 Qd8+ 79. Kb5 Qb8+ 80. Ka5 Qd8+
81. Ka4 Qd6 82. Qb3+ Kf2 83. Ka5 Qd2+ 84. Kb6 Qd4+ 85. Kb7 Qd7+ 86. Ka8 Qc6+ 87. Qb7 Qe8+ 88. Ka7 Qe5 89. Qc6 Ke2 90. Kb6 Qe3+
91. Qc5 Qe6+ 92. Kb5 Qb3+ 93. Kc6 Qe6+ 94. Qd6 Qc4+ 95. Kb6 Qb3+ 96. Kc7 Qc3+ 97. Kd7 Qa1 98. Ke6 Qa4 99. Ke7 Kf1 100. Qf6+ Kg2
101. Qg6+ Kf1 102. Kf8 Qb4+ 103. Kg8 Qa5 104. Kg7 Kf2 105. Qc6 Qa3 106. Kf7 Qa2+ 107. Qe6 Qa4 108. Qb6+ Kg2 109. Qb7+ Kh2 110. Qc7+ Kh1
111. a7 Qb3+ 112. Ke7 Qa3+ 113. Ke8 Qa4+ 114. Kd8 Qd4+ 115. Kc8 Qh8+ 116. Kb7 Qb2+ 117. Qb6 Qg7+ 118. Ka8 Qf8+ 119. Qb8 Qf2 120. Qb7+ Kg1
121. Qb1+ Kg2 122. Qg6+ Kh1 123. Qh5+ Kg1 124. Qd1+ Kh2 125. Qh5+ Kg3 126. Kb7 Qb2+ 127. Kc6
1-0

[Event "Leisure for 1500-2200"]
[Site "SchemingMind.com"]
[Date "2019.06.13"]
[Round "-"]
[White "JAHI"]
[Black "Matthew Bailey"]
[Result "0-1"]
[WhiteCountry "INT"]
[BlackCountry "ENG"]
[WhiteElo "1891"]
[WhiteRD "68"]
[BlackElo "2489"]
[BlackRD "59"]
[GameID "442343"]

1. c3 e5 2. d3 Nc6 3. d4 d5 4. dxe5 Nxe5 5. Nf3 Nxf3+ 6. exf3 Nf6 7. g3 Bc5 8. Bg2 Qe7+ 9. Qe2 Qxe2+ 10. Kxe2 h5
11. Be3 b6 12. Bxc5 bxc5 13. c4 Ba6 14. Nd2 dxc4 15. Kd1 O-O-O 16. Kc2 Rd4 17. Rhd1 Rhd8 18. Ne4 Rxd1 19. Rxd1 Rxd1 20. Kxd1 Nxe4
21. fxe4 c3 22. bxc3 Bc4 23. a3 f6 24. h3 Kb7 25. h4 Kb6 26. Bf3 Bf7 27. Kd2 Kb5 28. Kc2 Bg6 29. Kb2 Kb6 30. Bg2 Be8
31. f3 Bd7 32. Bf1 Be6 33. Be2 Bf7 34. f4 Kc6 35. f5 Kd6 36. Bd3 Ke5 37. Kc1 Bb3 38. Bb1 c4 39. Kd2 Kd6 40. Kc1 Ke5
41. Kd2 Ba4 42. Ke3 Bd1 43. Kd2 Bb3 44. Ke3 a5 45. Kf3 Ba4 46. Kg2 Bd1 47. Kf2 Kd6 48. Ke1 Bb3 49. Ke2 c5 50. Kd2 Ke5
51. Ke3 Bd1 52. Kd2 Ba4 53. Ke3 Be8 54. Kf3 Bd7 55. Ba2 Bb5 56. Bb1 Bd7 57. Ba2 Bc6 58. Bb1 Ba8 59. a4 Bc6 60. Bc2 Be8
61. g4 hxg4+ 62. Kxg4 Kd6 63. h5 Ke5 64. h6 gxh6 65. Kf3 Bc6 66. Ke3 h5 67. Kf3 h4 68. Ke3 h3 69. Kf3 h2 70. Kg2 Bxe4+
71. Bxe4 Kxe4 72. Kxh2 Kd3 73. Kg3 Kxc3 74. Kf4 Kd3 75. Kg4 Ke4 76. Kh4 c3 77. Kh5 Kxf5 78. Kh4 c2 79. Kh3 Kf4 80. Kh4 c1=Q
81. Kh5 Qg1 82. Kh6 Qg8 83. Kh5 Qg5#
0-1

[Event "Leisure for 1500-2200"]
[Site "SchemingMind.com"]
[Date "2019.06.13"]
[Round "-"]
[White "Matthew Bailey"]
[Black "Mihir Chandrashekhar"]
[Result "1-0"]
[WhiteCountry "ENG"]
[BlackCountry "IND"]
[WhiteElo "2041"]
[WhiteRD "93"]
[BlackElo "1854"]
[BlackRD "54"]
[GameID "442344"]

1. e4 c5 2. Nf3 e6 3. d4 cxd4 4. Nxd4 Nf6 5. Nc3 d6 6. f4 Nc6 7. Be3 Be7 8. Qf3 O-O 9. O-O-O Qc7 10. Be2 a6
11. Kb1 b5 12. Nxc6 Qxc6 13. e5 Nd5 14. Rxd5 exd5 15. Nxd5 Qb7 16. Nxe7+ Qxe7 17. Qxa8 Bg4 18. Qxf8+ Kxf8 19. Bxg4 dxe5 20. fxe5
1-0

[Event "Leisure for 1500-2200"]
[Site "SchemingMind.com"]
[Date "2019.06.28"]
[Round "-"]
[White "David Perna-Fraser"]
[Black "Uzi Mike"]
[Result "0-1"]
[WhiteCountry "CAN"]
[BlackCountry "USA"]
[WhiteElo "1866"]
[WhiteRD "73"]
[BlackElo "2227"]
[BlackRD "93"]
[GameID "442847"]

1. e4 c5 2. Nf3 d6 3. d4 cxd4 4. Nxd4 Nf6 5. Nc3 a6 6. f3 e5 7. Nb3 Be6 8. Be3 Be7 9. Qd2 O-O 10. g4 d5
11. exd5 Nxd5 12. Nxd5 Bh4+ 13. Kd1 Bxd5 14. Bg2 Qe7 15. Bc5 Qf6 16. Qxd5 Rd8 17. c4 Rxd5+ 18. cxd5 Qg6 19. Bf1 Nd7 20. Be3 e4
21. Bg2 exf3 22. Bxf3 Qd3+
0-1

[Event "Leisure for 1500-2200"]
[Site "SchemingMind.com"]
[Date "2019.06.26"]
[Round "-"]
[White "JAHI"]
[Black "David Perna-Fraser"]
[Result "0-1"]
[WhiteCountry "INT"]
[BlackCountry "CAN"]
[WhiteElo "1914"]
[WhiteRD "68"]
[BlackElo "1857"]
[BlackRD "68"]
[GameID "442848"]

1. c3 e5 2. d3 d5 3. d4 e4 4. f3 b6 5. g3 Nf6 6. Bg5 h6 7. Bxf6 Qxf6 8. Bg2 e3 9. f4 Bb7 10. Nf3 Bd6
11. Qd3 O-O 12. Qxe3 Nd7 13. Nbd2 Rfe8 14. Ne5 Qe6 15. Qf2 f6 16. Nxd7 Qxd7 17. h3 Qb5 18. b3 Qd3 19. Rc1 Ba3 20. Rd1 Qxc3
21. h4 Ba6 22. Bxd5+ Kh8 23. Bxa8 c6 24. Kf1 Qc2 25. Ke1 Bb4 26. Rh2 Rxa8 27. h5 Re8 28. Qf3 Re4 29. g4 Rxd4 30. e3 Rd8
31. a3 Bc3 32. b4 Bc4 33. g5 fxg5 34. fxg5 hxg5 35. Qxc6 Rf8 36. Qxc4 Bxd2+ 37. Rdxd2 Qxc4 38. Rdf2 Qc1+ 39. Ke2 Rxf2+ 40. Rxf2 Qxa3
41. Rg2 Qxb4 42. Rxg5 a5 43. Kf3 a4 44. Rd5 a3 45. Rd8+ Kh7 46. Ra8 Qb2 47. h6 gxh6 48. Ra7+ Kg6 49. e4 a2 50. Ra8 a1=Q
51. Rxa1 Qxa1 52. Ke3 Qc3+ 53. Kf4 Kf6 54. e5+ Qxe5+ 55. Kf3 Kf5 56. Kf2 Kf4 57. Kf1 Qb2 58. Ke1 Ke3 59. Kd1 Qb1#
0-1

[Event "Leisure for 1500-2200"]
[Site "SchemingMind.com"]
[Date "2019.06.26"]
[Round "-"]
[White "David Perna-Fraser"]
[Black "Mihir Chandrashekhar"]
[Result "1-0"]
[WhiteCountry "CAN"]
[BlackCountry "IND"]
[WhiteElo "1876"]
[WhiteRD "71"]
[BlackElo "1862"]
[BlackRD "51"]
[GameID "442849"]

1. e4 c5 2. Nf3 Nc6 3. d4 cxd4 4. Nxd4 Nf6 5. Nc3 e5 6. Ndb5 d6 7. Be2 a6 8. Na3 b5 9. Nab1 Be6 10. f4 Qb6
11. Nd5 Bxd5 12. exd5 Nd4 13. c3 Nf5 14. Qd3 e4 15. Qh3 Ne7 16. a4 b4 17. Be3 Qb7 18. c4 g6 19. g4 Bg7 20. Nd2 h5
21. g5 Ng4 22. Nxe4 Nf5 23. Bd2 Bxb2 24. Rb1 Bd4 25. Rxb4 Qe7 26. Qd3 O-O 27. h3 Nge3 28. Bxe3
1-0

[Event "Leisure for 1500-2200"]
[Site "SchemingMind.com"]
[Date "2019.06.26"]
[Round "-"]
[White "Matthew Bailey"]
[Black "David Perna-Fraser"]
[Result "1-0"]
[WhiteCountry "ENG"]
[BlackCountry "CAN"]
[WhiteElo "2279"]
[WhiteRD "59"]
[BlackElo "1910"]
[BlackRD "72"]
[GameID "442850"]

1. Nf3 Nf6 2. c4 e6 3. d4 Bb4+ 4. Nbd2 b6 5. a3 Bxd2+ 6. Nxd2 Bb7 7. Qc2 Nc6 8. e3 d6 9. Bd3 e5 10. d5 Ne7
11. O-O a5 12. Ne4 Nxe4 13. Bxe4 g6 14. f4 f5 15. Bf3 e4 16. Be2 Qd7 17. b4 axb4 18. Bb2 b3 19. Qxb3 Rg8 20. a4 Ba6
21. a5 bxa5 22. Rxa5 Kf7 23. Rfa1 Qc8 24. Qc3 Ke8 25. c5 Nxd5 26. Qd4 Bb7 27. Rxa8 Bxa8 28. Bc4 c6 29. cxd6
1-0

[Event "Leisure for 1500-2200"]
[Site "SchemingMind.com"]
[Date "2019.07.06"]
[Round "-"]
[White "Mihir Chandrashekhar"]
[Black "Phillip Beckett"]
[Result "1-0"]
[WhiteCountry "IND"]
[BlackCountry "ENG"]
[WhiteElo "1934"]
[WhiteRD "50"]
[BlackElo "1505"]
[BlackRD "47"]
[GameID "443236"]

1. d4 d5 2. Nf3 Nf6 3. c4 e6 4. g3 Be7 5. Bg2 c6 6. Qc2 Nbd7 7. O-O O-O 8. Rd1 dxc4 9. Qxc4 Nb6 10. Qc2 Nbd5
11. a3 Bd7 12. e4 Nb6 13. Nbd2 Rc8 14. b4 Be8 15. Nb3 h6 16. Bb2 Nh7 17. Nc5 Bxc5 18. dxc5 Nd7 19. Ne5 Qe7 20. Nxd7 Bxd7
21. Rd6 Rfd8 22. Rad1 Be8 23. Qc3 Rxd6 24. Qxg7#
1-0

[Event "Leisure for 1500-2200"]
[Site "SchemingMind.com"]
[Date "2019.07.06"]
[Round "-"]
[White "Phillip Beckett"]
[Black "Matthew Bailey"]
[Result "0-1"]
[WhiteCountry "ENG"]
[BlackCountry "ENG"]
[WhiteElo "1505"]
[WhiteRD "47"]
[BlackElo "2188"]
[BlackRD "75"]
[GameID "443237"]

1. d4 d5 2. c4 e5 3. cxd5 Qxd5 4. Nf3 exd4 5. Qxd4 Qxd4 6. Nxd4 Nf6 7. Nc3 Bc5 8. Nb3 Bb6 9. Bg5 Nc6 10. e3 Nb4
11. O-O-O Be6 12. Nd4 Nxa2+ 13. Nxa2 Bxa2 14. Bb5+ c6 15. Nxc6 Rc8 16. b4 Bd5 17. Bxf6 Bxc6 18. Rd8+ Bxd8 19. Bxd8 Bxb5+
0-1

[Event "Leisure for 1500-2200"]
[Site "SchemingMind.com"]
[Date "2019.07.07"]
[Round "-"]
[White "Phillip Beckett"]
[Black "Uzi Mike"]
[Result "0-1"]
[WhiteCountry "ENG"]
[BlackCountry "USA"]
[WhiteElo "1508"]
[WhiteRD "49"]
[BlackElo "2166"]
[BlackRD "98"]
[GameID "443238"]

1. d4 Nf6 2. c4 e6 3. Nc3 Bb4 4. a3 Bxc3+ 5. bxc3 c5 6. e3 Nc6 7. d5 Ne7 8. dxe6 fxe6 9. Be2 O-O 10. Nf3 b6
11. O-O Bb7 12. Qd6 Nf5 13. Qf4 Ne4 14. Bb2 Nfg3 15. Qxf8+ Qxf8 16. hxg3 Qf6 17. Rfd1 Nxc3 18. Bxc3 Qxc3 19. Rac1 Qxa3 20. Rc2 Bc6
21. Ne5 Ba4
0-1

[Event "Leisure for 1500-2200"]
[Site "SchemingMind.com"]
[Date "2019.07.06"]
[Round "-"]
[White "Phillip Beckett"]
[Black "David Perna-Fraser"]
[Result "0-1"]
[WhiteCountry "ENG"]
[BlackCountry "CAN"]
[WhiteElo "1505"]
[WhiteRD "47"]
[BlackElo "1948"]
[BlackRD "70"]
[GameID "443239"]

1. d4 Nf6 2. c4 e6 3. Nc3 Bb4 4. a3 Bxc3+ 5. bxc3 c5 6. e3 Qa5 7. Qc2 Nc6 8. Nf3 O-O 9. Bd3 d5 10. dxc5 Qxc5
11. cxd5 Nxd5 12. a4 Qxc3+ 13. Qxc3 Nxc3 14. Bb2 Nd5 15. O-O Ndb4 16. Bb5 Rd8 17. Ba3 Nc2 18. Ra2 Nxa3 19. Rxa3 h6 20. Rd3 Rxd3
21. Bxd3 e5 22. Bc4 Bg4 23. Nd2 Rd8 24. Nb3 b6 25. f3 Bc8 26. Be2 Be6 27. Rd1 Bxb3 28. Rxd8+ Nxd8 29. a5 bxa5
0-1

[Event "Leisure for 1500-2200"]
[Site "SchemingMind.com"]
[Date "2019.07.06"]
[Round "-"]
[White "JAHI"]
[Black "Phillip Beckett"]
[Result "1-0"]
[WhiteCountry "INT"]
[BlackCountry "ENG"]
[WhiteElo "1890"]
[WhiteRD "70"]
[BlackElo "1497"]
[BlackRD "51"]
[GameID "443240"]

1. c3 b5 2. c4 bxc4 3. Qa4 Ba6 4. e3 Nf6 5. Bxc4 Bxc4 6. Qxc4 Nc6 7. a3 g6 8. h3 Bg7 9. h4 O-O 10. h5 Ne5
11. Qe2 d5 12. h6 Bh8 13. Nc3 d4 14. exd4 Neg4 15. f3 Qd6 16. fxg4 Qe6 17. Qxe6 fxe6 18. g5 Ng4 19. Nh3 e5 20. d5 Rad8
21. d3 e4 22. dxe4 e6 23. Bf4 Bxc3+ 24. bxc3 exd5 25. exd5 Rfe8+ 26. Kf1 Ne3+ 27. Bxe3 Rxe3 28. c4 Rc3 29. Nf2 Rf8 30. Kg1 Rc2
31. Ng4 Rf4 32. Nf6+ Kh8 33. Rb1
1-0

[Event "Leisure for 1500-2200"]
[Site "SchemingMind.com"]
[Date "2019.07.07"]
[Round "-"]
[White "Phillip Beckett"]
[Black "pmdpsp"]
[Result "1-0"]
[WhiteCountry "ENG"]
[BlackCountry "GER"]
[WhiteElo "1505"]
[WhiteRD "47"]
[BlackElo "1729"]
[BlackRD "92"]
[GameID "443274"]

1. d4 d5 2. c4 e5 3. dxe5 dxc4 4. Qxd8+ Kxd8 5. e4 Be6 6. f4 Bb4+ 7. Bd2 a5 8. Nc3 f6 9. a3 Bc5 10. Nf3 Nd7
11. O-O-O fxe5 12. Nxe5 Nxe5 13. fxe5 Ke8 14. Bg5 Ne7 15. Bxe7 Kxe7 16. Nd5+ Bxd5 17. Rxd5 Be3+ 18. Kc2 c6 19. Rd6 Rhd8 20. Bxc4 Rxd6
21. exd6+ Kxd6 22. Rd1+ Ke7 23. Rd3 Bf4 24. g3 Be5 25. Rf3 Rf8 26. Rxf8 Kxf8 27. b3 h5 28. Be6 g5 29. Bc8 b6 30. Bb7 c5
31. Bd5= Ke7 32. Kd3 Kf6 33. Kc4 Bxg3 34. hxg3 h4 35. gxh4 gxh4 36. e5+ Kxe5 37. Bh1 Kd6 38. Kb5 Kc7 39. Bg2 a4 40. Kxa4
1-0

[Event "Leisure for 1500-2200"]
[Site "SchemingMind.com"]
[Date "2019.07.07"]
[Round "-"]
[White "pmdpsp"]
[Black "Mihir Chandrashekhar"]
[Result "0-1"]
[WhiteCountry "GER"]
[BlackCountry "IND"]
[WhiteElo "1729"]
[WhiteRD "92"]
[BlackElo "1934"]
[BlackRD "50"]
[GameID "443275"]

1. d4 Nf6 2. Bg5 Ne4 3. Bf4 d5 4. f3 Nf6 5. Nc3 c5 6. dxc5 Nc6 7. e3 e5 8. Bg5 Be6 9. Bxf6 gxf6 10. Qd3 Bxc5
11. Qb5 Qb6 12. Qxb6 Bxb6 13. e4 Ba5 14. exd5 Bxd5 15. O-O-O Bxc3 16. Rxd5 Bd4 17. Bb5 a6 18. Bxc6+ bxc6 19. Rd6 Rd8 20. Rxd8+ Kxd8
21. Ne2 Be3+= 22. Kb1 Ke7 23. Rd1 Rg8 24. Ng3 Bf4 25. Nf5+ Ke6 26. Nh4 f5 27. g3 Bg5 28. Ng2 Rd8 29. Rxd8 Bxd8 30. Ne3 e4
31. f4 Bb6 32. Nf1 e3 33. g4 e2 34. g5 e1=R#
0-1

[Event "Leisure for 1500-2200"]
[Site "SchemingMind.com"]
[Date "2019.07.07"]
[Round "-"]
[White "Matthew Bailey"]
[Black "pmdpsp"]
[Result "1-0"]
[WhiteCountry "ENG"]
[BlackCountry "GER"]
[WhiteElo "2188"]
[WhiteRD "75"]
[BlackElo "1729"]
[BlackRD "92"]
[GameID "443276"]

1. d4 Nf6 2. c4 e6 3. Nf3 Bb4+ 4. Nbd2 O-O 5. a3 Bxd2+ 6. Bxd2 b6 7. Bf4 Bb7 8. h3 d5 9. e3 c5 10. dxc5 bxc5
11. Be2 Nc6 12. O-O Qe7 13. cxd5 exd5 14. Rc1 Rfd8 15. Qc2 d4 16. Rfd1 h6 17. Qxc5 Qxc5 18. Rxc5 Ne4 19. Rc4 Ba6 20. Rxc6 Bxe2
21. Rxd4 Rxd4 22. Nxd4 Bh5 23. f3 Nf6 24. Bxh6 gxh6 25. Rxf6 Bg6 26. b4 Kg7 27. Ra6
1-0

[Event "Leisure for 1500-2200"]
[Site "SchemingMind.com"]
[Date "2019.07.08"]
[Round "-"]
[White "Uzi Mike"]
[Black "pmdpsp"]
[Result "1-0"]
[WhiteCountry "USA"]
[BlackCountry "GER"]
[WhiteElo "2166"]
[WhiteRD "98"]
[BlackElo "1751"]
[BlackRD "95"]
[GameID "443277"]

1. c4 Nf6 2. Nc3 g6 3. e4 d6 4. d4 Bg7 5. Be2 O-O 6. Be3 Na6 7. Nf3 e5 8. dxe5 dxe5 9. Qb3 Qe7 10. O-O Nc5
11. Qa3 b6 12. Nd2 Bb7 13. Nb3 Nfd7 14. Rad1 Rfd8 15. Nxc5 Nxc5 16. Rxd8+ Rxd8 17. Qxa7 Ra8 18. Bxc5 Qxc5 19. Qxb7
1-0

[Event "Leisure for 1500-2200"]
[Site "SchemingMind.com"]
[Date "2019.07.12"]
[Round "-"]
[White "David Perna-Fraser"]
[Black "pmdpsp"]
[Result "1-0"]
[WhiteCountry "CAN"]
[BlackCountry "GER"]
[WhiteElo "1957"]
[WhiteRD "71"]
[BlackElo "1719"]
[BlackRD "95"]
[GameID "443278"]

1. e4 c5 2. Nf3 Nc6 3. d4 cxd4 4. Nxd4 e5 5. Nb5 d6 6. N1c3 a6 7. Na3 Nf6 8. Bg5 h6 9. Bxf6 Qxf6 10. Nd5 Qd8
11. Nc4 b5 12. Ncb6 Rb8 13. Nxc8 Rxc8 14. c3 Ne7 15. a4 Rc5 16. axb5 Nxd5 17. exd5 axb5 18. Qb3 Qb8 19. Ra5 b4 20. Qa4+ Ke7
21. Ra7+ Kf6 22. Qd7 Qe8 23. Qxe8
1-0

[Event "Leisure for 1500-2200"]
[Site "SchemingMind.com"]
[Date "2019.07.07"]
[Round "-"]
[White "pmdpsp"]
[Black "JAHI"]
[Result "1-0"]
[WhiteCountry "GER"]
[BlackCountry "INT"]
[WhiteElo "1803"]
[WhiteRD "94"]
[BlackElo "1904"]
[BlackRD "69"]
[GameID "443279"]

1. d4 d6 2. e4 c6 3. Nf3 Bg4 4. h3 Bxf3 5. Qxf3 e6 6. c4 d5 7. Be3 Bb4+ 8. Nd2 Ne7 9. a3 Bxd2+ 10. Bxd2 a6
11. Bc3 a5 12. Bd3 Na6 13. O-O h6 14. Qg3 g6 15. Bd2 h5 16. Qe5 Kd7 17. Bg5 Qc7 18. Qf6 Rae8 19. Rfe1 Kc8 20. Rac1 Rhf8
21. cxd5 exd5 22. Bf4 Ng8 23. Qh4 Qd7 24. Bxa6 bxa6 25. e5 a4 26. Rc5 f6 27. Rec1 Re6 28. Qg3 g5 29. Bd2 Kb7 30. Qc3 Ne7
31. Qb4+ Ka7 32. Qxa4 Qb7 33. Ra5 fxe5 34. Bb4 h4 35. Rc3 exd4 36. Bc5+ Kb8 37. Rb3 Re1+ 38. Kh2 Qxb3 39. Qxb3+ Kc7 40. Rxa6 Rb8
41. Qf3 d3 42. Qf6 Nc8 43. Qxc6+ Kd8 44. Qxd5+ Ke8 45. Rh6 Nd6 46. Rh8+ Ke7 47. Qxd6+ Kf7 48. Rh7+ Ke8 49. Qf8#
1-0

[Event "Leisure for 1500-2200"]
[Site "SchemingMind.com"]
[Date "2019.07.08"]
[Round "-"]
[White "krzysztof"]
[Black "Phillip Beckett"]
[Result "1-0"]
[WhiteCountry "POL"]
[BlackCountry "ENG"]
[WhiteElo "1585"]
[WhiteRD "74"]
[BlackElo "1505"]
[BlackRD "47"]
[GameID "443326"]

1. b3 b6 2. Bb2 Bb7 3. e3 e6 4. Nf3 f5 5. Nc3 Nf6 6. d4 Be7 7. h3 O-O 8. Ne5 d6 9. Nf3 Nbd7 10. Bd3 Ne4
11. Qe2 Ndf6 12. O-O-O a5 13. g4 a4 14. Nxe4 fxe4 15. Bc4 d5 16. Ne5 dxc4 17. Nxc4 axb3 18. axb3 b5 19. Ne5 Nd5 20. f3 exf3
21. Nxf3 Nxe3 22. Qxe3 Qd5 23. Rhf1 Ba3 24. Kb1 Bxb2 25. Kxb2 Qc6 26. Ng5 b4 27. Nxe6 Rxf1 28. Rxf1 Qe4 29. Qxe4 Bxe4 30. Nc5 Bg2
31. Rf4 Bxh3 32. g5 Rd8 33. Na6 g6 34. Nxc7 Bf5 35. Na6 Rd6 36. Nxb4 Rb6 37. c3 Kf7 38. Nd5 Ke6 39. Nxb6
1-0

[Event "Leisure for 1500-2200"]
[Site "SchemingMind.com"]
[Date "2019.07.09"]
[Round "-"]
[White "pmdpsp"]
[Black "krzysztof"]
[Result "1-0"]
[WhiteCountry "GER"]
[BlackCountry "POL"]
[WhiteElo "1729"]
[WhiteRD "92"]
[BlackElo "1585"]
[BlackRD "74"]
[GameID "443327"]

1. c4 c5 2. Nc3 g6 3. b3 Bg7 4. Bb2 Nf6 5. g3 d5 6. cxd5 Nxd5 7. Bg2 Nxc3 8. Bxc3 f6 9. Qc2 Nc6 10. Bb2 Be6
11. Qxc5 O-O 12. Bxc6 Rc8 13. Qxa7 bxc6 14. Qe3 Bd5 15. Nf3 e5 16. O-O e4 17. Nd4 f5 18. b4 f4 19. gxf4 Qh4 20. Qg3 Qh5
21. Qg5 Qh3 22. e3 Bf6 23. Qg3 Qh5 24. Kh1 c5 25. bxc5 Rxc5 26. Ba3 Bxd4 27. exd4 e3+ 28. Kg1 Rc2 29. dxe3 Ra8 30. Be7 Raxa2
31. Rxa2 Rxa2 32. Re1 Rd2 33. f5 Kf7 34. Bb4 Rc2 35. e4 Bxe4 36. Rxe4 Qxf5 37. Rf4
1-0

[Event "Leisure for 1500-2200"]
[Site "SchemingMind.com"]
[Date "2019.07.09"]
[Round "-"]
[White "Uzi Mike"]
[Black "krzysztof"]
[Result "1-0"]
[WhiteCountry "USA"]
[BlackCountry "POL"]
[WhiteElo "2227"]
[WhiteRD "93"]
[BlackElo "1562"]
[BlackRD "74"]
[GameID "443328"]

1. d4 d5 2. c4 dxc4 3. Nf3 b5 4. a4 b4 5. Nbd2 Ba6 6. e4 c3 7. bxc3 bxc3 8. Nb1 c2 9. Qxc2 Bxf1 10. Kxf1 e6
11. Nc3 c6 12. d5 cxd5 13. Nb5 Bd6 14. exd5 Na6 15. Qc6+ Ke7 16. Nxd6 Qxd6 17. Ba3 Qxa3 18. Rxa3 Nf6 19. d6+ Kf8 20. Qxa8+ Ne8
21. Qd8 f6 22. Qe7+ Kg8 23. Qxe8#
1-0

[Event "Leisure for 1500-2200"]
[Site "SchemingMind.com"]
[Date "2019.07.13"]
[Round "-"]
[White "David Perna-Fraser"]
[Black "krzysztof"]
[Result "1-0"]
[WhiteCountry "CAN"]
[BlackCountry "POL"]
[WhiteElo "1957"]
[WhiteRD "71"]
[BlackElo "1589"]
[BlackRD "72"]
[GameID "443329"]

1. e4 e6 2. d4 d5 3. exd5 Qxd5 4. Nc3 Qa5 5. Bd2 Qb6 6. Nf3 Nf6 7. Bd3 Bb4 8. a3 Be7 9. O-O Bd7 10. b4 a6
11. Re1 Ng4 12. h3 h5 13. hxg4 hxg4 14. Ne5 Qxd4 15. Qxg4 Qxg4 16. Nxg4 Nc6 17. b5 Nd4 18. bxa6 bxa6 19. Ne5 Bd6 20. Nxd7 Kxd7
21. Ne4 f5 22. Nxd6 cxd6 23. Rab1 Kc6 24. Bc3 e5 25. Bxd4 exd4 26. Bxf5 Kc5 27. Re7 Rhb8 28. Rxb8 Rxb8 29. Rxg7 Rb1+ 30. Kh2 Rf1
31. f3 Ra1 32. Rc7+ Kb6 33. Rc4 Rxa3 34. Rxd4 Kc5 35. Rd1 Ra5 36. g4 d5 37. g5 Kc4 38. g6 d4 39. g7 Rxf5 40. g8=Q+ Rd5
41. Ra1 d3 42. cxd3+ Kxd3 43. Qxd5+
1-0

[Event "Leisure for 1500-2200"]
[Site "SchemingMind.com"]
[Date "2019.07.09"]
[Round "-"]
[White "krzysztof"]
[Black "JAHI"]
[Result "0-1"]
[WhiteCountry "POL"]
[BlackCountry "INT"]
[WhiteElo "1589"]
[WhiteRD "72"]
[BlackElo "1975"]
[BlackRD "72"]
[GameID "443330"]

1. g3 d6 2. Bg2 c6 3. e4 d5 4. exd5 cxd5 5. d4 h6 6. Nc3 e6 7. Nf3 Bb4 8. O-O Bxc3 9. bxc3 h5 10. Ne5 h4
11. Qf3 Nf6 12. g4 Nc6 13. Bg5 h3 14. Bxh3 Qc7 15. Bxf6 gxf6 16. Nxc6 bxc6 17. Bg2 Qxh2#
0-1

[Event "Leisure for 1500-2200"]
[Site "SchemingMind.com"]
[Date "2019.07.10"]
[Round "-"]
[White "Mihir Chandrashekhar"]
[Black "krzysztof"]
[Result "1-0"]
[WhiteCountry "IND"]
[BlackCountry "POL"]
[WhiteElo "1934"]
[WhiteRD "50"]
[BlackElo "1585"]
[BlackRD "74"]
[GameID "443331"]

1. Nf3 b6 2. c4 Bb7 3. d4 d5 4. e3 e6 5. Nc3 Bb4 6. cxd5 Bxd5 7. Qa4+ Nc6 8. Bb5 Bxc3+ 9. bxc3 Ne7 10. Ne5 Qd6
11. Ba3 Qd8 12. Nxc6 O-O 13. Nxd8 Rfxd8 14. O-O c6 15. Bxe7 cxb5 16. Qxb5 Rdc8 17. e4 Bc4 18. Qg5 f6 19. Bxf6 Rc7 20. Be5 Rf7
21. f4 Bxf1 22. Rxf1 Raf8 23. f5 exf5 24. Rxf5 g6 25. Rxf7 Rxf7 26. Qd8+ Rf8 27. Qe7 Rf7 28. Qe8+ Rf8 29. Qe6+ Rf7 30. d5 Kf8
31. Qc8+ Ke7 32. d6#
1-0

[Event "Leisure for 1500-2200"]
[Site "SchemingMind.com"]
[Date "2019.07.09"]
[Round "-"]
[White "krzysztof"]
[Black "Matthew Bailey"]
[Result "0-1"]
[WhiteCountry "POL"]
[BlackCountry "ENG"]
[WhiteElo "1585"]
[WhiteRD "74"]
[BlackElo "2188"]
[BlackRD "75"]
[GameID "443332"]

1. c3 e5 2. e4 d5 3. Bb5+ c6 4. Ba4 dxe4 5. h3 Na6 6. b4 f5 7. d3 exd3 8. Nf3 e4 9. Nd4 Nxb4 10. Ba3 Na6
11. Bxf8 Kxf8 12. O-O Nc5 13. Bb3 g6 14. Qd2 Kg7 15. Na3 Nf6 16. Nc4 a5 17. a4 Nxb3 18. Nxb3 Be6 19. Ncxa5 Rxa5 20. Nxa5 Qxa5
21. Rfb1 Bc8 22. f3 Rd8 23. Rb4 Qc5+ 24. Kh1 e3 25. Qb2 e2 26. c4 d2 27. Rxb7+ Bxb7 28. Qxb7+ Rd7 29. Qb2 e1=Q+ 30. Kh2 Qcg1#
0-1